000 00280nam a22001337a 4500
008 170602b xxu||||| |||| 00| 0 eng d
020 _a9781555877255
041 _aeng
080 _a94
100 _a17
101 _aSHH
245 _aMIDDLE EAST
_cGERNER,D.J
942 _2udc
_cBK
999 _c15780
_d15780